| 000 -ლიდერი |
| ფიქსირებული სიგრძის საკონტროლო ველი |
01640nam a22002537a 4500 |
| 003 - საკონტროლო ნომრის იდენტიფიკატორი |
| საკონტროლო ველი |
Ge_BSU |
| 005 - ბოლო ოპერაციის თარიღი და დრო |
| საკონტროლო ველი |
20241030164144.0 |
| 008 - ფიქსირებული სიგრძის მონაცემთა ელემენტები - ზოგადი ინფორმაცია |
| ფიქსირებული სიგრძის საკონტროლო ველი |
241030s2023 ge ||||| |||| 00| 0 geo d |
| 020 ## - წიგნის საერთაშორისო სტანდარტული ნომერი |
| International Standard Book Number |
9789941355998 |
| 041 ## - ენის კოდი |
| Language code of text/sound track or separate title |
geo |
| 080 ## - უნივერსალური ათობითი კლასიფიკაციის ინდექსი |
| Universal Decimal Classification number |
124.32 : 174 თ-80 |
| 100 ## - მთავარი ჩანაწერი - პიროვნების სახელი |
| Personal name |
თრეისი, ბრაიან |
| 9 (RLIN) |
12270 |
| 245 ## - ცნობა სათაურის შესახებ |
| Title |
მიზნები! = Goals! : |
| Remainder of title |
21 ნაბიჯი მიზნის მისაღწევად: გაიუმჯობესე ცხოვრება იმაზე სწრაფად, ვიდრე წარმოგიდგენია / |
| Statement of responsibility, etc |
ბრაიან თრეისი; ანა აფციაურის თარგმანი; სარედაქციო ჯგუფი: თეა ბარამაშვილი, თეკლა გიაშვილი, ნანა კვატაშიძე [და სხვა] ; წინასიტყვაობა დავით კენჭაძე. |
| 264 ## - წარმოების, გამოცემის, დისტრიბუციის და სხვა ცნობები |
| გამოცემის, წარმოების, დისტრიბუციის... ადგილი |
თბილისი : |
| გამოცემის, წარმოების, დისტრიბუციის... სახელწოდება |
პალიტრა L, |
| გამოცემის, წარმოების, დისტრიბუციის... თარიღი |
2023. |
| 300 ## - ფიზიკური აღწერა |
| Extent |
328 გვ. ; |
| Other physical details |
21 სმ. |
| 490 ## - სერიის ცნობა |
| Series statement |
ლურჯი ოკეანე |
| 653 ## - INDEX TERM--UNCONTROLLED |
| Uncontrolled term |
მიზნები |
| 653 ## - INDEX TERM--UNCONTROLLED |
| Uncontrolled term |
წარმატება |
| 700 ## - ADDED ENTRY--PERSONAL NAME |
| Personal name |
აფციაური, ანა |
| Relator term |
მთარგმნელი |
| 9 (RLIN) |
16154 |
| 700 ## - ADDED ENTRY--PERSONAL NAME |
| Personal name |
ბარამაშვილი, თეა |
| Relator term |
რედაქტორი |
| 9 (RLIN) |
23559 |
| 700 ## - ADDED ENTRY--PERSONAL NAME |
| Personal name |
გიაშვილი, თეკლა |
| Relator term |
რედაქტორი |
| 9 (RLIN) |
23560 |
| 700 ## - ADDED ENTRY--PERSONAL NAME |
| Personal name |
კვატაშიძე, ნანა და სხვ. |
| Relator term |
რედაქტორი |
| 9 (RLIN) |
23561 |
| 942 ## - ADDED ENTRY ELEMENTS (KOHA) |
| Source of classification or shelving scheme |
|
| Koha item type |
წიგნი |